| 000 | 01113cab a2200337 4500 | ||
|---|---|---|---|
| 001 | ABS55459 | ||
| 008 | 090401t1996 xxu||||| |||| 00| 0 eng d | ||
| 035 | _a(Sirsi) u16617 | ||
| 041 | _aeng | ||
| 100 | _aThomas, G. | ||
| 245 | 4 | _aThe art of compromise | |
| 260 | _c1996 | ||
| 350 | _a0 | ||
| 490 |
_aBuilding _v261(7947) 28 June 1996, 32(1) |
||
| 520 | _aUses case law to demonstrate the complications that can arise when third parties are involved in construction settlement claims. | ||
| 650 | _aBIGGIN AND CO LTD V PERMANITE LTD | ||
| 650 | _aBREACH OF CONTRACT | ||
| 650 | _aDAMAGES | ||
| 650 | _aDARBISHIRE V WARRAN | ||
| 650 | _aDSL GROUP V UNISYS INTERNATIONAL SERVICES AND ANOTHER | ||
| 650 | _aGEORGE STOW AND CO V WALTER LAWRENCE CONSTRUCTION | ||
| 650 | _aLLOYDS V KITSONS ENVIRONMENTAL SERVICES | ||
| 650 | _aMEASURE OF DAMAGES | ||
| 650 | _aREASONABLENESS | ||
| 650 | _aREINSTATEMENT | ||
| 650 | _aRUXLEY ELECTRONICS AND CONSTRUCTION V FORSYTH | ||
| 650 | _aTHIRD PARTIES | ||
| 690 | _aBUILT ENVIRONMENT-BUILDING CONTRACT FORMS | ||
| 942 | _n0 | ||
| 948 | _c04/03/1997 | ||
| 999 |
_c10964 _d10964 |
||